|
|
|
|
| LEADER |
00000nam a22000007a 4500 |
| 005 |
20110919113524.0 |
| 008 |
110919s2009 be ||||s|||| 00| 0 fre d |
| 020 |
|
|
|a 978-2-87496-080-2
|
| 035 |
|
|
|a 4816
|
| 040 |
|
|
|a vLex
|
| 090 |
|
|
|c 2497
|d 2497
|
| 100 |
1 |
|
|a Coppens, Pierre-Franȯis
|
| 245 |
1 |
0 |
|a La fiscalit ̌immobilir̈e en questions
|h [Recurso electrn̤ico] /
|c Pierre-Franȯis Coppens
|
| 256 |
|
|
|a Servicio en ln̕ea.
|
| 260 |
|
|
|a [Bľgica] :
|b Edipro,
|c 2009.
|
| 300 |
|
|
|a 1 recurso electrn̤ico
|
| 506 |
1 |
|
|a Contenido solo disponible en los productos indicados
|d vLex Global
|d vLex Global (Academic Edition, excluding Law Schools)
|d vLex Global (U.S. Academic Edition, Law Schools)
|d vLex Global (U.S. Academic Edition, excluding Law Schools)
|d vLex Global (Academic Edition, Law Schools)
|
| 650 |
0 |
4 |
|a Impuestos indirectos
|z Bľgica
|
| 650 |
0 |
4 |
|a Bienes inmuebles
|z Bľgica
|
| 740 |
0 |
|
|a vLex Libros (Servicio en ln̕ea)
|
| 856 |
4 |
0 |
|u http://vlex.com/source/questions-fiscalite-immobiliere-4816
|z Acceso restringido
|
| 942 |
|
|
|c BOOK
|